Antagonistes de mangas et webtoon - hard - Statistiques

Statistiques générales
  • Ce quiz a été pris 27 fois
  • Le résultat moyen est 4 sur 16
Statistiques - réponses
Par images Réponse % Correct
Kalifa
59%
Sho Tucker
59%
Shalnark / Sharnalk
45%
Rachel
41%
Renpa
32%
Zodd
27%
Gun Park / Park Jong Seon
18%
Demian Cant
14%
Fabrizio Santorino
14%
Starrk
14%
Lucas Wykes
9%
Prince n°4 / Tserriednich
9%
Shin
9%
Attila
5%
Liu Yiwu
5%
Prince Daida
5%
Aucun quiz correspondant
Distribution des résultats
% des personnes avec chaque résultat
Percentile par nombre de réponses
Votre historique - résultats
Vous n’avez pas pris ce quiz